01634nam a2200205 a 4500003000700000005001700007008004100024020001800065040002400083041001300107082002500120100002800145240004800173245009300221250001100314260004000325520102200365650003001387655001101417SpMaBN20260526193201.0120509s2025 ag | |||| 000 f spa  a9786316691606 aSpMaBNcSpMaBNerdc1 aspahjpn0 a895.636bK223.E 20251 aKawakami, Mieko,d1976-10aSubete mayonaka no koibitotachi.lEspañol14aLos amantes de la noche /cMieko Kawakami; traducción del japonés por Lourdes Porta. a1a ed. aBuenos Aires :bSeix Barral,c2025. aFuyuko Irie es una correctora freelance de treinta y cuatro años. Vive sola y no tiene contacto con nadie, excepto con su editora, Hijiri. Su reflejo le devuelve la imagen de una mujer que no ha tomado las riendas de su vida. Su única fuente de consuelo es la luz: cada Nochebuena, Fuyuko sale a observar las luces que llenan la noche de Tokio. Pero es el encuentro fortuito con un hombre llamado Mitsutsuka lo que despierta algo nuevo en ella; un cambio que, sin embargo, hace aflorar dolorosos recuerdos y puede desestabilizarla aún más. Los amantes de la noche es una puerta abierta al peculiar universo de Mieko Kawakami y una radiografía tan delicada como perspicaz del mundo laboral que indaga en la complejidad de las relaciones humanas a través de la historia de una mujer que no sabe construirlas. Una novela valiente que aborda temas como la realización personal, la soledad o la presión patriarcal, pero que también conmueve e inspira al lector al invocar y desafiar todos los prejuicios. 7aNarrativa japonesa2LOCAL 0aNovela